Start with E, ends with E - Statistics

General Stats
  • This quiz has been taken 49 times
  • The average score is 9 of 15
Answer Stats
Question Answer % Correct
Here, there and... Everywhere
98%
The 'hole', at the top end of a needle Eye
89%
A female sheep Ewe
87%
At the end of a theatre performance, the audience shout "bravo!"... Hoping for this Encore
78%
The donkey in the Pooh books Eeyore
76%
One part of an ongoing series Episode
73%
The middle of an earthquake Epicentre
67%
A famous person is usually accompanied with one of these Entourage
58%
Miss _____, the matriarchal head of the Ewings on TVs Dallas Ellie
47%
A vegetable, belonging to the same family as chicory Endive
40%
HMRC, formerly known as Customs and _____ Excise
40%
Something 'flytipped', or a delapidated building, perhaps? Eyesore
38%
The type of book used by schoolchildren, usually ruled and with margins Exercise
36%
Fizz? Effervesce
31%
The first name of Hinge, of Hinge and Bracket Evadne
9%
No matching quizzes found
Score Distribution
Percent of People with Each Score
Percentile by Number Answered
Your Score History
You have not taken this quiz